| 000 | 00383cam a22001337a 4500 | ||
|---|---|---|---|
| 008 | 180718b1883 xxu||||| |||| 00| 0 eng d | ||
| 082 | _aPx54 In2i | ||
| 100 | _aIndia. Education Commission | ||
| 245 | _aReport of the Indian Education Commission | ||
| 260 |
_aCalcutta _bThe author _c1883 |
||
| 300 | _a639+p. | ||
| 500 | _aPresident: W.W. Hunter | ||
| 700 | _aHunter, W.W. (President) | ||
| 999 |
_c489486 _d489486 |
||